00508nam a2200181Ia 4500008004100000020001500041050001300056100001700069245002500086245001600111260001500127260001500142260000900157300001400166300002500180999001900205952010200224180207s9999 xx 000 0 und d a1588653668 bY32 2006 aYates, Gene. aWhat can Simon be? / cGene Yates. a[Boston] : bKidsbooks, c2006 aunpaged : bcolor illustration ; c355071d355071 001040aSSISMbSSISMd2018-02-07l0oER Y32 2006pSSISM4616r2018-02-07 00:00:00w2018-02-07yBK